F1 Podiums 2000 - Statistics

General Stats
  • This quiz has been taken 340 times
  • The average score is 6 of 7
Answer Stats
Answer % Correct
Michael Schumacher
100%
Ralf Schumacher
100%
Mika Hakkinen
99%
David Coulthard
93%
Rubens Barrichello
92%
Heinz-Harald Frentzen
71%
Giancarlo Fisichella
69%
No matching quizzes found
Score Distribution
Percent of People with Each Score
Percentile by Number Answered
Your Score History
You have not taken this quiz